000 00613nam a22001937a 4500
003 OSt
005 20140310183635.0
008 130216t xxu||||| |||| 00| 0 eng d
020 _a9789715849739
050 _aLB 3051
_b.R4 2010
100 _aReganit, Arnulfo Aaron R.
245 _aAssessment of student learning 1 :
_cArnulfo Aaron R. Reganit, Ronaldo SP. Elicay, Cresencia C. Laguerta
_bCognitive Learning /
260 _aManila :
_bRex Book Store,
_c2010.
300 _a161 p. :
_c26 cm.
_bill. ;
521 _aEDU
650 _aEducational test and measurement.
942 _2lcc
_cBK
_kLOC
999 _c25707
_d25707